Los tres viajes alrededor del mundo (Record no. 185471)

MARC details
000 -LEADER
campo de control de longitud fija 01249nam a2200301 i 4500
001 - NÚMERO DE CONTROL
campo de control 185471
003 - IDENTIFICADOR DE NÚMERO DE CONTROL
campo de control SpMaBN
005 - FECHA Y HORA DE LA ÚLTIMA TRANSACCIÓN
campo de control 20250829063132.0
008 - DATOS DE LONGITUD FIJA--INFORMACIÓN GENERAL
campo de control de longitud fija 160608s2000 sp bf |||| |bspa d
020 ## - NÚMERO INTERNACIONAL ESTÁNDAR DEL LIBRO
Número Internacional Estándar del Libro 84-7651-862-5
080 ## - NÚMERO DE LA CLASIFICACIÓN DECIMAL UNIVERSAL
Número de la Clasificación Decimal Universal 929 Cook, James
080 ## - NÚMERO DE LA CLASIFICACIÓN DECIMAL UNIVERSAL
Número de la Clasificación Decimal Universal 910.4(100)"17"
100 1# - ENTRADA PRINCIPAL--NOMBRE DE PERSONA
Nombre de persona Cook, James,
Fechas asociadas al nombre 1728-1779
9 (RLIN) 126569
245 14 - MENCIÓN DEL TÍTULO
Título Los tres viajes alrededor del mundo
Resto del título : diarios de 1768 a 1780 /
Mención de responsabilidad, etc. James Cook ; presentación de Christopher Lloyd.
250 ## - MENCION DE EDICION
Mención de edición 4ª ed.
260 ## - PUBLICACIÓN, DISTRIBUCIÓN, ETC.
Lugar de publicación, distribución, etc. Palma de Mallorca :
Nombre del editor, distribuidor, etc. José J. de Olañeta,
Fecha de publicación, distribución, etc. 2000.
300 ## - DESCRIPCIÓN FÍSICA
Extensión 418, [32] p. de lám., [12] p. de mapas ;
Dimensiones 21 cm.
490 1# - MENCIÓN DE SERIE
Mención de serie Terra incógnita ;
Designación de volumen o secuencia 12
500 ## - NOTA GENERAL
Nota general Glosario de términos náuticos.
500 ## - NOTA GENERAL
Nota general Índice.
505 8# - NOTA DE CONTENIDO CON FORMATO
Nota de contenido con formato Contiene: ;
Título Primer viaje: diarios de 1768 a 1771 ;
-- Segundo viaje: diarios de 1772 a 1775 /
Mención de responsabilidad [traducidos por Mateu Grimalt]. --
Título Tercer viaje: diarios de 1776 a 1780 /
Mención de responsabilidad [traducidos por Jaume Pomar]
600 14 - PUNTO DE ACCESO ADICIONAL DE MATERIA--NOMBRE DE PERSONA
Nombre de persona Cook, James,
Fechas asociadas al nombre 1728-1779
9 (RLIN) 126569
650 #7 - PUNTO DE ACCESO ADICIONAL DE MATERIA--TÉRMINO DE MATERIA
Término de materia o nombre geográfico como elemento de entrada Viajes alrededor del mundo-
Subdivisión cronológica S.XVIII.
9 (RLIN) 159809
700 1# - ENTRADA AGREGADA--NOMBRE PERSONAL
Nombre de persona Lloyd, Christopher.
9 (RLIN) 72950
830 0# - PUNTO DE ACCESO ADICIONAL DE SERIE-TÍTULO UNIFORME
Título uniforme Terra incógnita ;
Designación de volumen o secuencia 12
9 (RLIN) 192333
852 ## - LOCALIZACIÓN
Ubicación ES-MaACL
Número de control de estantería L-30360
Nota libre . - Donat. Miguel A. Velasco
Holdings
Estatus retirado Estado de pérdida Estado de daño No para préstamo Biblioteca de origen Biblioteca actual Ubicación en estantería Fecha de adquisición Fuente de adquisición Total de préstamos Signatura topográfica completa Código de barras Visto por última vez Precio de reemplazo Tipo de ítem Koha
        Biblioteca del Ateneo de Madrid Biblioteca del Ateneo de Madrid Depósito 2 08/06/2016     L-30360 1195409 23/02/2023 23/02/2023 Libro impreso